000 00556nam a2200169 i 4500
001 57801
003 ES-MaACL
005 20230906163643.0
007 t|
008 031017s1973 sp ||||1| spa d
100 1 _aDrew, Philip.
_945610
245 1 0 _aTercera generación
_b: la significación cambiante de la arquitectura /
_cPhilip Drew ; [versión Justo G. Beramendi].
260 _a[Barcelona :
_bGustavo Gili,
_c1973]
300 _a176 p., 36 lám. :
_bil. ;
_c26 cm.
700 1 _aBeramendi, Justo G.
_927820
852 _aES-MaACL
_jC-55152
_bR.87921
999 _c57801
_d57801